000 00926nam a2200253 i 4500
001 bg
245 1 0 _aGmina, powiat, województwo po reformie terenowej administracji publicznej :
_bzbiór przepisów prawnych z objaśnieniami.
_nT. 2,
_pUstrój, gospodarka, finanse /
_coprac.: Piotr Świątecki, Maciej Berek.
250 _aStan prawny na dzień 15 kwietnia 1999 r.
260 _aWarszawa :
_aZielona Góra :
_bZachodnie Centrum Organizacji,
_c1999.
300 _a432 s. ;
_c25 cm.
650 9 _aSamorząd terytorialny
_xprawo
_zPolska
_ystan na 1999 r.
650 9 _aAdministracja publiczna
_xreforma
_zPolska
_ystan na 1999 r.
700 1 _aŚwiątecki, Piotr.
_eOprac.
700 1 _aBerek, Maciej.
_eOprac.
020 _a8387161489
040 _cBPK
041 0 _apol
044 _aPOL
080 _a342.25
080 _a(438)
920 _a83-87161-48-9
942 _cKS
008 130116s pl a f |000 0 pol
999 _c53841
_d53841
856 _uhttp://koha.tu.koszalin.pl/cgi-bin/koha/opac-detail.pl?biblionumber=53841
_yKatalog online BPK